[Event "Managua Hurtado Memorial op"]
[Site "Managua"]
[Date "2021.12.30"]
[Round "9"]
[White "Obregon Amador, Jose Francisco"]
[Black "Salgado, Wilbert"]
[Result "1-0"]
[WhiteElo "1753"]
[BlackElo "1601"]
[PlyCount "67"]
[EventDate "2021.12.26"]
[EventType "swiss"]
[EventRounds "9"]
[EventCountry "NCA"]
[SourceTitle "CBM 206 Extra"]
[Source "ChessBase"]
[SourceDate "2022.03.31"]
[SourceVersion "1"]
[SourceVersionDate "2022.03.31"]
[SourceQuality "1"]

1. d4 e6 2. Bf4 d5 3. e3 Bd6 4. Bg3 Nf6 5. Nf3 Nbd7 6. Bd3 Ne4 7. Bh4 f6 8. Nbd2 g5 9. Nxe4 dxe4 10. Nxg5 fxg5 11. Qh5+ Kf8 12. Bxg5 Be7 13. Bh6+ Kg8 14. Qg4+ Kf7 15. Qg7+ Ke8 16. Qxh8+ Bf8 17. Bxe4 Qf6 18. Qxf6 Nxf6 19. Bxf8 Nxe4 20. Bb4 Kf7 21. f3 Nf6 22. c4 Bd7 23. h4 h5 24. Rh3 Rg8 25. Kf2 e5 26. Rg3 Re8 27. dxe5 Rxe5 28. Bc3 Rf5 29. Bxf6 Kxf6 30. e4 Rc5 31. Rc1 Be6 32. b4 Rc6 33. Rg5 Rd6 34. e5+ 1-0

[Event "Managua Hurtado Memorial op"]
[Site "Managua"]
[Date "2021.12.29"]
[Round "7"]
[White "Obregon Amador, Jose Francisco"]
[Black "Mendoza, Yegor"]
[Result "0-1"]
[WhiteElo "1753"]
[BlackElo "1914"]
[PlyCount "42"]
[EventDate "2021.12.26"]
[EventType "swiss"]
[EventRounds "9"]
[EventCountry "NCA"]
[SourceTitle "CBM 206 Extra"]
[Source "ChessBase"]
[SourceDate "2022.03.31"]
[SourceVersion "1"]
[SourceVersionDate "2022.03.31"]
[SourceQuality "1"]

1. d4 Nf6 2. Bf4 d5 3. e3 e6 4. Nf3 Be7 5. Bd3 Nbd7 6. Nbd2 0-0 7. Ng5 c5 8. c3 b6 9. Ndf3 Bb7 10. h4 Ne4 11. Nxh7 Kxh7 12. Ng5+ Kg8 13. Qh5 Ndf6 14. Qf3 cxd4 15. exd4 Bd6 16. Be5 Rc8 17. Qf4 Nh5 18. Qf3 g6 19. g4 Ng7 20. h5 Qxg5 21. h6 Bxe5 0-1

[Event "Managua Hurtado Memorial 19th"]
[Site "Managua"]
[Date "2019.12.29"]
[Round "7"]
[White "Obregon Amador, Jose Francisco"]
[Black "Rodriguez, Fausto"]
[Result "1/2-1/2"]
[WhiteElo "1770"]
[BlackElo "2014"]
[PlyCount "92"]
[EventDate "2019.12.26"]
[EventType "swiss"]
[EventRounds "9"]
[EventCountry "NCA"]
[SourceTitle "CBM 195 Extra"]
[Source "ChessBase"]
[SourceDate "2020.05.31"]
[SourceVersion "1"]
[SourceVersionDate "2020.05.31"]
[SourceQuality "1"]

1. d4 Nf6 2. Bf4 e6 3. e3 b6 4. Bd3 Bb7 5. Nf3 Be7 6. Qe2 d5 7. Nbd2 Nbd7 8. c3 c5 9. Ne5 0-0 10. h4 Ne4 11. Ndf3 f6 12. Nxd7 Qxd7 13. g4 cxd4 14. exd4 e5 15. Be3 Bd6 16. Rg1 exd4 17. Nxd4 Bc5 18. 0-0-0 Bxd4 19. Bxd4 Qc7 20. Rdf1 Rac8 21. Kb1 Nc5 22. g5 f5 23. h5 Rce8 24. Qd2 Ne4 25. Qc2 Bc8 26. f3 Nc5 27. h6 g6 28. Re1 Qf7 29. Qd2 f4 30. Bb5 Qf5+ 31. Ka1 Bd7 32. Bxd7 Nxd7 33. Bg7 Rxe1+ 34. Rxe1 Rf7 35. Re8+ Nf8 36. Re5 Qh3 37. Qd1 Ne6 38. Rxd5 Nxg7 39. Rd8+ Rf8 40. hxg7 Rxd8 41. Qxd8+ Kxg7 42. Qf6+ Kg8 43. Qd8+ Kf7 44. Qc7+ Ke8 45. Qb8+ Ke7 46. Qc7+ Ke8 1/2-1/2

[Event "Managua Hurtado Memorial 19th"]
[Site "Managua"]
[Date "2019.12.28"]
[Round "5"]
[White "Obregon Amador, Jose Francisco"]
[Black "Alfaro Caracas, William"]
[Result "0-1"]
[WhiteElo "1770"]
[BlackElo "2095"]
[PlyCount "90"]
[EventDate "2019.12.26"]
[EventType "swiss"]
[EventRounds "9"]
[EventCountry "NCA"]
[SourceTitle "CBM 195 Extra"]
[Source "ChessBase"]
[SourceDate "2020.05.31"]
[SourceVersion "1"]
[SourceVersionDate "2020.05.31"]
[SourceQuality "1"]

1. d4 Nf6 2. Bf4 g6 3. Nc3 d6 4. Qd2 c6 5. Nf3 Nbd7 6. e4 Bg7 7. Bh6 0-0 8. h4 Bxh6 9. Qxh6 Ng4 10. Qf4 h5 11. Bc4 b5 12. Bd3 e5 13. dxe5 dxe5 14. Qg3 Qe7 15. Nh2 Nxh2 16. Rxh2 Nc5 17. 0-0-0 a5 18. f4 exf4 19. Qxf4 Bg4 20. Re1 Nxd3+ 21. cxd3 Rfd8 22. Qg3 b4 23. Ne2 a4 24. Rhh1 a3 25. b3 Ra5 26. Qe3 Qf6 27. d4 Rc5+ 28. Kb1 Bxe2 29. Rxe2 Rc3 30. Qf2 Qxf2 31. Rxf2 Rxd4 32. Re2 Kf8 33. Rf1 Ke8 34. e5 Rc5 35. e6 f5 36. Rfe1 Ke7 37. g3 Rc3 38. Rg1 Rdd3 39. Re5 Rxg3 40. Rd1 Rgd3 41. Rg1 Rd4 42. Rh1 Re4 43. Re1 Rxe1+ 44. Rxe1 f4 45. Rf1 f3 0-1